[Event "Samara Polugaevsky Memorial 7th"]
[Site "Samara"]
[Date "2017.07.15"]
[Round "8"]
[White "Yanzin, Viktor"]
[Black "Tukaeva, Adelya"]
[Result "0-1"]
[WhiteElo "1787"]
[BlackElo "1940"]
[PlyCount "94"]
[EventDate "2017.07.08"]
[EventType "swiss"]
[EventRounds "9"]
[EventCountry "RUS"]
[SourceTitle "EXT 2018"]
[Source "ChessBase"]
[SourceDate "2017.10.13"]
[SourceVersion "1"]
[SourceVersionDate "2017.10.13"]
[SourceQuality "1"]

1. e4 c5 2. Nf3 d6 3. d4 cxd4 4. Nxd4 Nf6 5. Nc3 a6 6. Be3 e5 7. Nf3 Qc7 8. Be2 Be7 9. 0-0 0-0 10. h3 b5 11. a3 Bb7 12. Nd2 d5 13. exd5 Nxd5 14. Nxd5 Bxd5 15. Bf3 Bxf3 16. Qxf3 Nd7 17. Rfc1 f5 18. c4 f4 19. Qd5+ Kh8 20. cxb5 Qd8 21. Nc4 fxe3 22. Nxe3 axb5 23. Qxb5 Rb8 24. Qe2 Bh4 25. g3 Bg5 26. b4 e4 27. Rd1 Bxe3 28. Qxe3 Qf6 29. Ra2 Qe6 30. Re2 Rbe8 31. Rd4 Qxh3 32. Rxe4 Rxe4 33. Qxe4 Nf6 34. Qe7 Rc8 35. Re1 h6 36. Qb7 Rf8 37. Qg2 Qxg2+ 38. Kxg2 Ra8 39. Re3 Nd5 40. Rb3 Nb6 41. Kf3 Nc4 42. Kf4 Rxa3 43. Rb1 Kh7 44. b5 Ra8 45. Rb4 Nb6 46. Ke5 Rd8 47. Rb2 Nc4+ 0-1

[Event "Samara Polugaevsky Memorial 7th"]
[Site "Samara"]
[Date "2017.07.13"]
[Round "6"]
[White "Tukaeva, Adelya"]
[Black "Erokhova, Violetta"]
[Result "0-1"]
[WhiteElo "1940"]
[BlackElo "1687"]
[PlyCount "84"]
[EventDate "2017.07.08"]
[EventType "swiss"]
[EventRounds "9"]
[EventCountry "RUS"]
[SourceTitle "EXT 2018"]
[Source "ChessBase"]
[SourceDate "2017.10.13"]
[SourceVersion "1"]
[SourceVersionDate "2017.10.13"]
[SourceQuality "1"]

1. e4 e6 2. d4 d5 3. Nd2 dxe4 4. Nxe4 Bd7 5. Nf3 Bc6 6. Bd3 Nd7 7. 0-0 Ngf6 8. Ned2 g6 9. b3 b6 10. Nc4 Bg7 11. Ba3 Nd5 12. Qd2 Ne7 13. Nce5 Bxf3 14. Nxf3 0-0 15. Rad1 Re8 16. c4 Nf6 17. Ne5 Nf5 18. Bc2 h5 19. d5 exd5 20. Bxf5 Rxe5 21. Bc2 c5 22. f4 Re6 23. f5 gxf5 24. cxd5 Re5 25. Rxf5 Ng4 26. Bb2 Rxf5 27. Bxf5 Bxb2 28. Qxb2 Ne3 29. Qd2 Nxf5 30. Qd3 Nd4 31. Qg3+ Kh7 32. Qe5 Qh4 33. Rf1 f5 34. d6 Qe4 35. Qf6 Qe3+ 36. Kh1 Qe6 37. Qh4 Qxd6 38. Re1 Qg6 39. Re7+ Kg8 40. Qf4 Re8 41. Rxe8+ Qxe8 42. Qg5+ Kh7 0-1

[Event "Samara Polugaevsky Memorial 7th"]
[Site "Samara"]
[Date "2017.07.09"]
[Round "2"]
[White "Martynyuk, Elizaveta"]
[Black "Tukaeva, Adelya"]
[Result "1/2-1/2"]
[WhiteElo "2155"]
[BlackElo "1940"]
[PlyCount "82"]
[EventDate "2017.07.08"]
[EventType "swiss"]
[EventRounds "9"]
[EventCountry "RUS"]
[SourceTitle "EXT 2018"]
[Source "ChessBase"]
[SourceDate "2017.10.13"]
[SourceVersion "1"]
[SourceVersionDate "2017.10.13"]
[SourceQuality "1"]

1. e4 c5 2. Nf3 d6 3. d4 cxd4 4. Nxd4 Nf6 5. Nc3 a6 6. f3 e5 7. Nb3 Be6 8. Be3 Be7 9. Qd2 0-0 10. 0-0-0 Nbd7 11. g4 b5 12. Kb1 Nb6 13. Qf2 Nfd7 14. h4 b4 15. Nd5 Bxd5 16. exd5 a5 17. g5 a4 18. Nc1 Ra5 19. Bh3 Nxd5 20. f4 a3 21. Nb3 axb2 22. Rxd5 Rxd5 23. Qf3 exf4 24. Bxf4 Nb6 25. Be3 Na4 26. Bd4 Rxd4 27. Nxd4 Nc3+ 28. Kxb2 Qa5 29. Kc1 Qa3+ 30. Kd2 Qxa2 31. Re1 Bd8 32. Rf1 Qc4 33. Ne6 Ne4+ 34. Kc1 b3 35. Qd3 Qa4 36. cxb3 Qa1+ 37. Kc2 Qa2+ 38. Kd1 Ba5 39. Nxf8 Nc3+ 40. Kc1 Ne2+ 41. Kd1 Nc3+ 1/2-1/2

[Event "Samara Polugaevsky Memorial 7th"]
[Site "Samara"]
[Date "2017.07.08"]
[Round "1"]
[White "Tukaeva, Adelya"]
[Black "Popov, Mikhail"]
[Result "0-1"]
[WhiteElo "1940"]
[BlackElo "2374"]
[PlyCount "54"]
[EventDate "2017.07.08"]
[EventType "swiss"]
[EventRounds "9"]
[EventCountry "RUS"]
[SourceTitle "EXT 2018"]
[Source "ChessBase"]
[SourceDate "2017.10.13"]
[SourceVersion "1"]
[SourceVersionDate "2017.10.13"]
[SourceQuality "1"]

1. e4 c5 2. Nf3 e6 3. d4 cxd4 4. Nxd4 Nc6 5. Nc3 Qc7 6. Be3 a6 7. Qf3 Ne5 8. Qg3 h5 9. h4 b5 10. Bf4 d6 11. a3 Bd7 12. 0-0-0 Rc8 13. Kb1 Ne7 14. f3 N7g6 15. Bc1 Nc4 16. Bxc4 Qxc4 17. f4 e5 18. fxe5 dxe5 19. Nf5 Be6 20. Rd3 a5 21. b3 Qc6 22. Rhd1 b4 23. Bg5 f6 24. Bxf6 gxf6 25. Qxg6+ Bf7 26. Nd6+ Qxd6 27. Qf5 Qe6 0-1

[Event "Nezhmetdinov Memorial 39th"]
[Site "Kazan"]
[Date "2017.06.07"]
[Round "8"]
[White "Galiullin, Mikhail"]
[Black "Tukaeva, Adelya"]
[Result "1-0"]
[WhiteElo "2205"]
[BlackElo "2004"]
[PlyCount "120"]
[EventDate "2017.05.31"]
[EventType "swiss"]
[EventRounds "9"]
[EventCountry "RUS"]
[SourceTitle "EXT 2018"]
[Source "ChessBase"]
[SourceDate "2017.10.13"]
[SourceVersion "1"]
[SourceVersionDate "2017.10.13"]
[SourceQuality "1"]

1. Nf3 Nf6 2. g3 d5 3. Bg2 c6 4. 0-0 Bg4 5. d3 Nbd7 6. Nbd2 e5 7. h3 Bh5 8. c4 Bd6 9. Rb1 0-0 10. b4 Re8 11. e4 dxe4 12. dxe4 Nf8 13. c5 Bc7 14. Qc2 Ne6 15. Bb2 Nd4 16. Nxd4 exd4 17. Qd3 b6 18. f4 h6 19. f5 bxc5 20. bxc5 Qe7 21. g4 Bxg4 22. hxg4 Nxg4 23. Nf3 Rad8 24. Bxd4 Ne5 25. Qe3 Ng4 26. Qe2 Bf4 27. Rb3 Qxe4 28. Qxe4 Rxe4 29. Bh3 h5 30. Bf2 Rd5 31. Rb7 Rxf5 32. Rxa7 Rf6 33. Bh4 Rg6 34. Kh1 Be3 35. Bg2 Rc4 36. a4 Rc2 37. Ne1 Rc4 38. Nf3 Rxc5 39. a5 Rc2 40. Ra8+ Kh7 41. Ng5+ Bxg5 42. Bxg5 Rxg2 43. Kxg2 Ne3+ 44. Kf2 Nxf1 45. Bd8 Nd2 46. a6 Nc4 47. a7 c5 48. Rb8 Ra6 49. a8Q Rxa8 50. Rxa8 Ne5 51. Bc7 Ng4+ 52. Kg3 g5 53. Bd8 Kg6 54. Rc8 f6 55. Rxc5 Ne5 56. Rb5 Ng4 57. Ba5 Ne5 58. Bc3 Ng4 59. Kf3 Kh6 60. Rb6 Kg6 1-0

[Event "Nezhmetdinov Memorial 39th"]
[Site "Kazan"]
[Date "2017.06.03"]
[Round "4"]
[White "Filipenko, Alexander V"]
[Black "Tukaeva, Adelya"]
[Result "1-0"]
[WhiteElo "2273"]
[BlackElo "2004"]
[PlyCount "61"]
[EventDate "2017.05.31"]
[EventType "swiss"]
[EventRounds "9"]
[EventCountry "RUS"]
[SourceTitle "EXT 2018"]
[Source "ChessBase"]
[SourceDate "2017.10.13"]
[SourceVersion "1"]
[SourceVersionDate "2017.10.13"]
[SourceQuality "1"]

1. d4 Nf6 2. c4 e6 3. Nc3 Bb4 4. f3 c5 5. d5 exd5 6. cxd5 d6 7. e4 0-0 8. Nge2 Nh5 9. g4 Qh4+ 10. Kd2 Nf6 11. Qe1 Qg5+ 12. Kc2 Qe5 13. Bf4 Qe7 14. Ng3 a6 15. g5 Ne8 16. Nf5 Bxf5 17. exf5 Qd7 18. Bd3 Bxc3 19. Kxc3 Nc7 20. Be4 Qa4 21. Qd1 Qb4+ 22. Kc2 c4 23. Qd2 Qa4+ 24. b3 cxb3+ 25. axb3 Qd7 26. f6 g6 27. h4 b6 28. h5 a5 29. Qh2 a4 30. hxg6 fxg6 31. Bxg6 1-0

[Event "Nezhmetdinov Memorial 39th"]
[Site "Kazan"]
[Date "2017.06.01"]
[Round "2"]
[White "Vasiliev, Maxim"]
[Black "Tukaeva, Adelya"]
[Result "1/2-1/2"]
[WhiteElo "1779"]
[BlackElo "2004"]
[PlyCount "127"]
[EventDate "2017.05.31"]
[EventType "swiss"]
[EventRounds "9"]
[EventCountry "RUS"]
[SourceTitle "EXT 2018"]
[Source "ChessBase"]
[SourceDate "2017.10.13"]
[SourceVersion "1"]
[SourceVersionDate "2017.10.13"]
[SourceQuality "1"]

1. e4 c5 2. Nf3 d6 3. d4 cxd4 4. Nxd4 Nf6 5. Nc3 a6 6. Be3 e5 7. Nb3 Be6 8. f3 Be7 9. Qd2 Nbd7 10. g4 0-0 11. 0-0-0 b5 12. g5 b4 13. Ne2 Ne8 14. f4 a5 15. f5 a4 16. Nbd4 exd4 17. Nxd4 b3 18. Kb1 bxc2+ 19. Nxc2 Bb3 20. axb3 axb3 21. Na3 d5 22. Qxd5 Bxa3 23. bxa3 Rxa3 24. Bc1 Qc7 25. Qc4 Ra1+ 26. Kb2 Qa5 27. Qxb3 Nc5 28. Bd2 Qa8 29. Rxa1 Qxa1+ 30. Kxa1 Nxb3+ 31. Kb2 Nxd2 32. Bd3 Nd6 33. e5 N2c4+ 34. Kc3 Nxe5 35. Bb1 f6 36. Rd1 Rc8+ 37. Kb4 Ndf7 38. gxf6 gxf6 39. Ba2 Rc2 40. Rg1+ Kf8 41. Be6 Rxh2 42. Kc5 Ng5 43. Bd5 Rf2 44. Ra1 Rxf5 45. Kd6 Nef7+ 46. Kc6 Rxd5 47. Kxd5 Kg7 48. Kd4 h5 49. Ke3 h4 50. Kf4 Nh6 51. Ra2 Kg6 52. Ra6 h3 53. Kg3 Nf5+ 54. Kh2 Nh6 55. Kg3 Nf5+ 56. Kh2 Ng7 57. Kg3 N7e6 58. Ra8 f5 59. Rg8+ Kf7 60. Rh8 f4+ 61. Kg4 f3 62. Rxh3 f2 63. Rh1 Kf6 64. Rf1 1/2-1/2

[Event "World School-ch U17 Girls 12th"]
[Site "Sochi"]
[Date "2016.12.10"]
[Round "8"]
[White "Dogan, Sevval"]
[Black "Tukaeva, Adelya"]
[Result "1/2-1/2"]
[WhiteElo "1793"]
[BlackElo "1940"]
[PlyCount "79"]
[EventDate "2016.12.03"]
[EventType "swiss"]
[EventRounds "9"]
[EventCountry "RUS"]
[SourceTitle "CBM 176 Extra"]
[Source "ChessBase"]
[SourceDate "2017.03.02"]
[SourceVersion "1"]
[SourceVersionDate "2017.03.02"]
[SourceQuality "1"]

1. e4 c5 2. Nf3 d6 3. Bb5+ Nd7 4. 0-0 a6 5. Bxd7+ Bxd7 6. d4 cxd4 7. Qxd4 e5 8. Qd3 h6 9. c4 b5 10. b3 Nf6 11. Nc3 Rb8 12. Rd1 Be7 13. Qe2 Qc7 14. Qd3 0-0 15. cxb5 axb5 16. Bb2 b4 17. Nd5 Nxd5 18. Qxd5 Be6 19. Qd3 f5 20. Rdc1 Qa7 21. exf5 Bxf5 22. Qd5+ Kh8 23. a3 Bg4 24. axb4 Qb6 25. b5 Bxf3 26. gxf3 Bh4 27. Rf1 Qxb5 28. Qxd6 Qxb3 29. Bxe5 Kh7 30. Ra7 Rg8 31. Qd4 Rb4 32. Qc3 Qxc3 33. Bxc3 Rf4 34. Kg2 Bf6 35. Bxf6 Rxf6 36. Re1 Rgf8 37. Re3 Rf5 38. Ra4 R8f7 39. Rae4 R5f6 40. Re7 1/2-1/2

[Event "Chigorin Memorial 24th"]
[Site "St Petersburg"]
[Date "2016.10.15"]
[Round "1"]
[White "Lobanov, Sergei"]
[Black "Tukaeva, Adelya"]
[Result "1-0"]
[WhiteElo "2432"]
[BlackElo "2025"]
[PlyCount "75"]
[EventDate "2016.10.15"]
[EventType "swiss"]
[EventRounds "9"]
[EventCountry "RUS"]
[SourceTitle "CBM 175 Extra"]
[Source "ChessBase"]
[SourceDate "2016.12.12"]
[SourceVersion "1"]
[SourceVersionDate "2016.12.12"]
[SourceQuality "1"]

1. Nf3 Nf6 2. g3 d5 3. Bg2 c6 4. 0-0 Bg4 5. Ne5 Bf5 6. c4 e6 7. d4 Bd6 8. Nc3 0-0 9. Bg5 h6 10. Bxf6 Qxf6 11. f4 Qe7 12. e4 dxe4 13. Bxe4 c5 14. Bxf5 cxd4 15. Nb5 Bxe5 16. fxe5 exf5 17. Rxf5 Nc6 18. Qe2 g6 19. Rf4 Qxe5 20. Nxd4 Rad8 21. Qxe5 Nxe5 22. Nb5 Nd3 23. Re4 Nxb2 24. Nxa7 Rfe8 25. Rxe8+ Rxe8 26. c5 Ra8 27. Rb1 Nd3 28. Rxb7 Nxc5 29. Rc7 Ne6 30. Rc8+ Rxc8 31. Nxc8 Kf8 32. Kf2 Ke8 33. Nd6+ Ke7 34. Nc4 h5 35. Ke3 Ng5 36. a4 Ne6 37. a5 Kd8 38. Ne5 1-0

[Event "Tatarstan-ch"]
[Site "Kazan"]
[Date "2016.09.19"]
[Round "4"]
[White "Tukaeva, Adelya"]
[Black "Sadykov, Ramil"]
[Result "0-1"]
[WhiteElo "2037"]
[BlackElo "2364"]
[PlyCount "60"]
[EventDate "2016.09.16"]
[EventType "swiss"]
[EventRounds "9"]
[EventCountry "RUS"]
[SourceTitle "CBM 174 Extra"]
[Source "ChessBase"]
[SourceDate "2016.10.10"]
[SourceVersion "1"]
[SourceVersionDate "2016.10.10"]
[SourceQuality "1"]

1. e4 c5 2. Nf3 Nc6 3. Bb5 g6 4. Bxc6 bxc6 5. Qe2 Bg7 6. e5 f6 7. d3 fxe5 8. Nxe5 d6 9. Ng4 Qd7 10. Ne3 Nf6 11. 0-0 0-0 12. f4 Nd5 13. Nxd5 cxd5 14. c4 Bb7 15. Nc3 e6 16. Bd2 Bc6 17. Rae1 Rae8 18. Qg4 Qf7 19. Nd1 Qf5 20. Qg3 Bd4+ 21. Kh1 dxc4 22. dxc4 Qc2 23. Bc3 Bxc3 24. Nxc3 Qxb2 25. Ne4 Qd4 26. Ng5 Qxc4 27. Qh4 Re7 28. Ne4 Rb7 29. Nf6+ Kh8 30. Rg1 Rbf7 0-1

[Event "Tatarstan-ch"]
[Site "Kazan"]
[Date "2016.09.18"]
[Round "3"]
[White "Gabitov, Bulat"]
[Black "Tukaeva, Adelya"]
[Result "0-1"]
[WhiteElo "1728"]
[BlackElo "2037"]
[PlyCount "192"]
[EventDate "2016.09.16"]
[EventType "swiss"]
[EventRounds "9"]
[EventCountry "RUS"]
[SourceTitle "CBM 174 Extra"]
[Source "ChessBase"]
[SourceDate "2016.10.10"]
[SourceVersion "1"]
[SourceVersionDate "2016.10.10"]
[SourceQuality "1"]

1. d4 Nf6 2. c4 e6 3. Nf3 b6 4. g3 Bb7 5. Bg2 Be7 6. 0-0 0-0 7. Qc2 c5 8. b3 Nc6 9. Bb2 cxd4 10. Nxd4 Nxd4 11. Bxd4 Bxg2 12. Kxg2 d5 13. Rd1 Qc7 14. Nd2 Rac8 15. Qb2 dxc4 16. Nxc4 Rfd8 17. Rac1 b5 18. Ne5 Qb7+ 19. Kg1 Qa6 20. Rxc8 Rxc8 21. Rc1 Rf8 22. Rc6 Qb7 23. Qc2 Nd5 24. Qc1 f6 25. Nd3 Ba3 26. Qc2 e5 27. Bb2 Bxb2 28. Nxb2 Nb4 29. Rc7 Qd5 30. Qf5 g6 31. Qh3 Rf7 32. Rxf7 Qxf7 33. Qc8+ Kg7 34. a3 Nd5 35. Nd3 Kh6 36. Nc5 g5 37. Qf5 Kg7 38. Qd3 Nc7 39. Ne4 Qd5 40. Qc2 Ne6 41. f3 f5 42. Nf2 Kf6 43. Qd3 Qxd3 44. Nxd3 Nd4 45. Kf2 Nxb3 46. Nb4 a5 47. Nc6 Ke6 48. Na7 Nd4 49. e3 b4 50. axb4 a4 51. b5 a3 52. b6 a2 53. b7 a1Q 54. b8Q Qa2+ 55. Kg1 Nxf3+ 56. Kf1 Nxh2+ 57. Ke1 Qa5+ 58. Ke2 Qa6+ 59. Ke1 Qf1+ 60. Kd2 Nf3+ 61. Kc2 Qc4+ 62. Kb2 Qe2+ 63. Ka3 Qxe3+ 64. Kb2 Qd4+ 65. Ka2 Qa4+ 66. Kb2 Qd4+ 67. Ka2 Qd2+ 68. Kb1 Qe1+ 69. Kb2 Kd5 70. Qb7+ Kd4 71. Qxf3 Qb4+ 72. Kc1 Qc3+ 73. Qxc3+ Kxc3 74. Nc6 e4 75. Ne7 Kd3 76. Nxf5 Ke2 77. g4 Kf3 78. Kd2 Kxg4 79. Ne3+ Kf3 80. Nf5 g4 81. Ke1 h5 82. Nh4+ Kg3 83. Nf5+ Kf4 84. Nh4 g3 85. Ng6+ Kg5 86. Ne5 h4 87. Kf1 h3 88. Nc6 Kf4 89. Nd4 g2+ 90. Kg1 Ke3 91. Nf5+ Kd2 92. Nd4 e3 93. Nf3+ Kd1 94. Kh2 e2 95. Kxh3 g1N+ 96. Nxg1 e1Q 0-1

[Event "Paleochora op 9th"]
[Site "Paleochora"]
[Date "2016.07.27"]
[Round "9"]
[White "Tukaeva, Adelya"]
[Black "Kouvatsos, Filippos"]
[Result "1-0"]
[WhiteElo "1856"]
[BlackElo "2171"]
[PlyCount "95"]
[EventDate "2016.07.20"]
[EventType "swiss"]
[EventRounds "9"]
[EventCountry "GRE"]
[SourceTitle "EXT 2017"]
[Source "ChessBase"]
[SourceDate "2016.10.25"]
[SourceVersion "1"]
[SourceVersionDate "2016.10.25"]
[SourceQuality "1"]

1. e4 c6 2. d4 d5 3. Nc3 h6 4. Nf3 dxe4 5. Nxe4 Bf5 6. Nc5 b6 7. Bd3 Bg4 8. Ne4 e6 9. 0-0 Nf6 10. h3 Bf5 11. Qe2 Nxe4 12. Bxe4 Bxe4 13. Qxe4 Qd5 14. Qe2 Be7 15. c4 Qd6 16. d5 cxd5 17. cxd5 Qxd5 18. Rd1 Qb7 19. Qb5+ Qc6 20. Qe5 0-0 21. Qg3 Kh7 22. Bf4 Na6 23. Ne5 Qe4 24. Rd7 Rae8 25. Rxa7 Nb4 26. Nd7 Rg8 27. Nxb6 Bc5 28. Be3 Nc2 29. Bxc5 Nxa1 30. Rxf7 Qg6 31. Qc7 Nc2 32. Rf4 e5 33. Rg4 Qe6 34. Nd7 Qf7 35. Qc6 Nd4 36. Qe4+ Nf5 37. Nxe5 Qe6 38. f4 h5 39. Rg5 g6 40. g4 Ng3 41. Qf3 h4 42. f5 Nxf5 43. gxf5 gxf5 44. Qb7+ Kh6 45. Nf7+ Qxf7 46. Qxf7 Rxg5+ 47. Kf2 Rgg8 48. Bd6 1-0

[Event "Paleochora op 9th"]
[Site "Paleochora"]
[Date "2016.07.21"]
[Round "3"]
[White "Banikas, Hristos"]
[Black "Tukaeva, Adelya"]
[Result "1-0"]
[WhiteElo "2600"]
[BlackElo "1856"]
[PlyCount "45"]
[EventDate "2016.07.20"]
[EventType "swiss"]
[EventRounds "9"]
[EventCountry "GRE"]
[SourceTitle "EXT 2017"]
[Source "ChessBase"]
[SourceDate "2016.10.25"]
[SourceVersion "1"]
[SourceVersionDate "2016.10.25"]
[SourceQuality "1"]

1. e4 c5 2. Nf3 d6 3. d4 cxd4 4. Nxd4 Nf6 5. f3 e5 6. Nb3 d5 7. Bg5 dxe4 8. Qxd8+ Kxd8 9. Nc3 Be6 10. Nxe4 Nbd7 11. Bh4 h6 12. Nxf6 Nxf6 13. Bg3 Nd7 14. 0-0-0 f6 15. f4 e4 16. Be2 Rc8 17. Nd4 Bc4 18. Bg4 h5 19. Bf5 Rc7 20. b3 Bd5 21. c4 a6 22. Bxd7 Kxd7 23. Nc2 1-0

[Event "Nezhmetdinov Memorial 37th"]
[Site "Kazan"]
[Date "2015.06.07"]
[Round "8"]
[White "Shaydullina, Sandugach"]
[Black "Tukaeva, Adelya"]
[Result "1-0"]
[WhiteElo "2123"]
[BlackElo "1922"]
[PlyCount "87"]
[EventDate "2015.05.31"]
[EventType "swiss"]
[EventRounds "9"]
[EventCountry "RUS"]
[SourceTitle "CBM 166 Extra"]
[Source "ChessBase"]
[SourceDate "2015.06.18"]
[SourceVersion "1"]
[SourceVersionDate "2015.06.18"]
[SourceQuality "1"]

1. d4 d5 2. Nf3 Nf6 3. c4 c6 4. Nc3 e6 5. g3 dxc4 6. Qa4 Bb4 7. Qd1 Bf8 8. a4 Bb4 9. Bg2 b5 10. Ne5 Nd5 11. 0-0 Bxc3 12. bxc3 Bb7 13. e4 Ne7 14. Rb1 0-0 15. Nxc4 Ba6 16. Na3 b4 17. Rxb4 Bxf1 18. Qxf1 c5 19. Rc4 cxd4 20. Rxd4 Qa5 21. Nc4 Qxc3 22. Bb2 Qb3 23. e5 Nbc6 24. Rd2 Rad8 25. Nd6 Qxa4 26. Qc1 Na5 27. Rd4 Qa2 28. Rd1 Rb8 29. Bd4 Nb3 30. Qc4 Qa5 31. Nb7 Qa3 32. Be3 Na5 33. Nxa5 Qxa5 34. h4 Rfc8 35. Qg4 Rb4 36. Qg5 Qa4 37. Rd6 Nc6 38. Bxc6 f6 39. exf6 Qa1+ 40. Kh2 Qxf6 41. Qxf6 gxf6 42. Bd7 Rc2 43. Bxe6+ Kf8 44. Bxa7 1-0

[Event "Moscow op-B (Women)"]
[Site "Moscow"]
[Date "2015.02.06"]
[Round "7"]
[White "Pavlova, Kseniia"]
[Black "Tukaeva, Adelya"]
[Result "1-0"]
[WhiteElo "2132"]
[BlackElo "1930"]
[PlyCount "135"]
[EventDate "2015.01.31"]
[EventType "swiss"]
[EventRounds "9"]
[EventCountry "RUS"]
[SourceTitle "CBM 164 Extra"]
[Source "ChessBase"]
[SourceDate "2015.03.02"]
[SourceVersion "1"]
[SourceVersionDate "2015.03.02"]
[SourceQuality "1"]

1. e4 c5 2. Nf3 Nc6 3. c3 Nf6 4. Qc2 d5 5. e5 Ng4 6. d4 cxd4 7. cxd4 Qb6 8. h3 Nh6 9. Bxh6 gxh6 10. Qd2 Bf5 11. Nc3 Be4 12. Bb5 Rg8 13. Nh4 e6 14. f3 Be7 15. 0-0 Bg6 16. Nxg6 Rxg6 17. f4 Kf8 18. Bxc6 bxc6 19. f5 Bg5 20. Qf2 exf5 21. Rad1 Rg7 22. b3 Kg8 23. Na4 Qb5 24. Nc5 Kh8 25. e6 Be7 26. exf7 Rxf7 27. Ne6 Rg8 28. Rd2 Qb8 29. Qf3 Rg3 30. Qh5 Rf6 31. Nf4 Bd6 32. Qh4 Rg5 33. Re2 Bxf4 34. Qxf4 Qxf4 35. Rxf4 Rf7 36. Rc2 Rg6 37. Rcf2 Re6 38. Rxf5 Rxf5 39. Rxf5 Kg7 40. Rf2 Re1+ 41. Kh2 Rd1 42. Rc2 Rxd4 43. Rxc6 Rf4 44. Kg3 Rf6 45. Rc7+ Kg6 46. Rxa7 Rd6 47. Re7 d4 48. Re2 Rc6 49. Rd2 Rc3+ 50. Kf2 Kf5 51. Rxd4 Rc2+ 52. Kf3 Rxa2 53. Rd5+ Kg6 54. g3 h5 55. Ke4 Rh2 56. h4 Rg2 57. Rd3 Rb2 58. Kd4 Kf5 59. Kc5 Kg4 60. b4 Rg2 61. b5 Rxg3 62. Rxg3+ Kxg3 63. b6 Kxh4 64. b7 Kh3 65. b8Q h4 66. Kd4 Kg2 67. Ke3 h3 68. Qg8+ 1-0

[Event "Moscow op-B (Women)"]
[Site "Moscow"]
[Date "2015.02.05"]
[Round "6"]
[White "Tukaeva, Adelya"]
[Black "Goltseva, Ekaterina"]
[Result "1/2-1/2"]
[WhiteElo "1930"]
[BlackElo "2099"]
[PlyCount "137"]
[EventDate "2015.01.31"]
[EventType "swiss"]
[EventRounds "9"]
[EventCountry "RUS"]
[SourceTitle "CBM 164 Extra"]
[Source "ChessBase"]
[SourceDate "2015.03.02"]
[SourceVersion "1"]
[SourceVersionDate "2015.03.02"]
[SourceQuality "1"]

1. e4 c5 2. Nf3 e6 3. d4 cxd4 4. Nxd4 Nf6 5. Nc3 Nc6 6. Ndb5 d6 7. Bf4 e5 8. Bg5 a6 9. Na3 b5 10. Nd5 Be7 11. Bxf6 Bxf6 12. c4 b4 13. Nc2 a5 14. Be2 Bg5 15. Bg4 Be6 16. h4 Be7 17. Nce3 0-0 18. Nf5 g6 19. Ndxe7+ Nxe7 20. Nh6+ Kg7 21. Bxe6 fxe6 22. Qd2 Nc6 23. Qg5 Nd4 24. 0-0 Rf4 25. f3 Rxh4 26. Qxd8 Rxd8 27. Ng4 Rf8 28. Ne3 Rhf4 29. Rfd1 Rc8 30. Kf2 g5 31. Rac1 h5 32. c5 Rxc5 33. Rxc5 dxc5 34. Rc1 g4 35. Rxc5 gxf3 36. Rxe5 fxg2+ 37. Kxg2 h4 38. Nc4 a4 39. Nd6 b3 40. Ra5 bxa2 41. Rxa4 Nf3 42. Rxa2 Ng5 43. b4 Rg4+ 44. Kf1 h3 45. Rh2 Rg3 46. b5 Rf3+ 47. Ke2 Rb3 48. Kf2 Kf6 49. b6 Ke5 50. Nc4+ Kd4 51. Nd2 Rb2 52. Kg3 Rxb6 53. Kf4 Rb5 54. Re2 Kd3 55. Rh2 Kd4 56. Re2 Nf7 57. Nf3+ Kd3 58. Rd2+ Kc3 59. Rd7 Nh6 60. e5 Nf5 61. Kg4 Rb8 62. Kxh3 Rg8 63. Kh2 Rg4 64. Rd8 Rg3 65. Nh4 Rg5 66. Nf3 Rh5+ 67. Kg2 Ne3+ 68. Kg3 Nc4 69. Kf4 1/2-1/2

[Event "Moscow op-B (Women)"]
[Site "Moscow"]
[Date "2015.02.03"]
[Round "4"]
[White "Tukaeva, Adelya"]
[Black "Matafonova, Yulia"]
[Result "1/2-1/2"]
[WhiteElo "1930"]
[BlackElo "1729"]
[PlyCount "114"]
[EventDate "2015.01.31"]
[EventType "swiss"]
[EventRounds "9"]
[EventCountry "RUS"]
[SourceTitle "CBM 164 Extra"]
[Source "ChessBase"]
[SourceDate "2015.03.02"]
[SourceVersion "1"]
[SourceVersionDate "2015.03.02"]
[SourceQuality "1"]

1. e4 c6 2. d4 d5 3. Nc3 dxe4 4. Nxe4 Nd7 5. Nf3 Ngf6 6. Bd3 Nxe4 7. Bxe4 Nf6 8. Bd3 Bg4 9. c3 Qd5 10. Be2 e6 11. Be3 Bd6 12. h3 Bh5 13. Qd2 b5 14. 0-0 0-0 15. b3 Bc7 16. c4 bxc4 17. bxc4 Qd6 18. Ne5 Rfd8 19. g4 Bg6 20. c5 Qf8 21. Nxc6 Rd7 22. Bf4 Qc8 23. Bxc7 Qxc7 24. Bb5 Ne4 25. Qe3 Nf6 26. Ne5 Nd5 27. Qd2 Rdd8 28. Bc6 Rab8 29. Bxd5 Rxd5 30. Nxg6 hxg6 31. Rab1 Rxb1 32. Rxb1 Qxc5 33. dxc5 Rxd2 34. Rb8+ Kh7 35. c6 Rc2 36. Rb7 Rxc6 37. Rxa7 f6 38. a4 g5 39. a5 Rc3 40. Kg2 Ra3 41. a6 Kg6 42. Ra8 f5 43. gxf5+ exf5 44. a7 Kf7 45. Kf1 Ra2 46. Ke1 f4 47. f3 Kg6 48. Kd1 Kf7 49. Kc1 Kg6 50. Kb1 Ra6 51. Kb2 Ra5 52. Kb3 Ra6 53. Kb4 Ra1 54. Kb5 Rb1+ 55. Kc6 Rc1+ 56. Kd7 Ra1 57. Ke7 Ra3 1/2-1/2

[Event "Nezhmetdinov Memorial 36th"]
[Site "Kazan"]
[Date "2014.06.03"]
[Round "4"]
[White "Tukaeva, Adelya"]
[Black "Bubnov, Kirill"]
[Result "1-0"]
[WhiteElo "1796"]
[BlackElo "1871"]
[PlyCount "43"]
[EventDate "2014.05.31"]
[EventType "swiss"]
[EventRounds "9"]
[EventCountry "RUS"]
[SourceTitle "CBM 160 Extra"]
[Source "ChessBase"]
[SourceDate "2014.07.01"]
[SourceVersion "1"]
[SourceVersionDate "2014.07.01"]
[SourceQuality "1"]

1. e4 e6 2. d4 d5 3. Nc3 Bb4 4. e5 c5 5. a3 Bxc3+ 6. bxc3 Qc7 7. Qg4 f5 8. Qg3 cxd4 9. cxd4 Ne7 10. c3 0-0 11. Ne2 Nbc6 12. Nf4 Na5 13. Rb1 a6 14. Be2 Bd7 15. h4 Rac8 16. Bd2 Kh8 17. h5 Rfe8 18. h6 Rg8 19. Qg5 Nec6 20. Ng6+ hxg6 21. hxg7+ Kxg7 22. Qf6# 1-0

[Event "Nezhmetdinov Memorial 36th"]
[Site "Kazan"]
[Date "2014.06.02"]
[Round "3"]
[White "Tukaeva, Adelya"]
[Black "Mingatin, Mars"]
[Result "0-1"]
[WhiteElo "1796"]
[BlackElo "2004"]
[PlyCount "66"]
[EventDate "2014.05.31"]
[EventType "swiss"]
[EventRounds "9"]
[EventCountry "RUS"]
[SourceTitle "CBM 160 Extra"]
[Source "ChessBase"]
[SourceDate "2014.07.01"]
[SourceVersion "1"]
[SourceVersionDate "2014.07.01"]
[SourceQuality "1"]

1. e4 e5 2. Nf3 Nc6 3. d4 exd4 4. Nxd4 Nf6 5. Nc3 Bb4 6. Nxc6 bxc6 7. Bd3 d5 8. exd5 cxd5 9. 0-0 0-0 10. Bg5 Be6 11. Ne2 Be7 12. Nd4 Bg4 13. f3 Bd7 14. c3 Qb8 15. Qc2 h6 16. Bh4 Qb6 17. Kh1 c5 18. Nf5 Bd8 19. b3 d4 20. cxd4 Bxf5 21. Bxf5 cxd4 22. Rad1 Nd5 23. Bf2 Ne3 24. Bxe3 dxe3 25. Qe4 Bf6 26. Bd7 Bc3 27. Rd5 Bd2 28. Bb5 Rad8 29. Bd3 g6 30. Re5 Rd4 31. Rb5 Qd6 32. Qe5 Qxe5 33. Rxe5 Rxd3 0-1

[Event "Volga Region-ch (Women) 12th"]
[Site "Togliatti"]
[Date "2014.03.20"]
[Round "7"]
[White "Belova, Olga"]
[Black "Tukaeva, Adelya"]
[Result "1-0"]
[WhiteElo "2148"]
[BlackElo "1740"]
[PlyCount "43"]
[EventDate "2014.03.14"]
[EventType "swiss"]
[EventRounds "9"]
[EventCountry "RUS"]
[SourceTitle "CBM 159 Extra"]
[Source "ChessBase"]
[SourceDate "2014.04.24"]
[SourceVersion "1"]
[SourceVersionDate "2014.04.24"]
[SourceQuality "1"]

1. e4 c5 2. Nf3 d6 3. c3 Nf6 4. h3 Nc6 5. Bd3 e6 6. 0-0 Be7 7. Bc2 Qc7 8. Re1 0-0 9. d4 cxd4 10. cxd4 Rd8 11. Nc3 a6 12. Be3 b5 13. a3 b4 14. axb4 Nxb4 15. Bb3 Rb8 16. Ba4 Qc4 17. Rc1 Qd3 18. Nd2 Bd7 19. Bb3 Bb5 20. Qf3 d5 21. Bd1 dxe4 22. Qg3 1-0